Property and porn (Record no. 65181)
[ view plain ]
| 000 -LEADER | |
|---|---|
| fixed length control field | 01262cam a2200229 4500 |
| 001 - CONTROL NUMBER | |
| control field | ABS62971 |
| 008 - FIXED-LENGTH DATA ELEMENTS--GENERAL INFORMATION | |
| fixed length control field | 000000n2000 000 0 eng u |
| 035 ## - SYSTEM CONTROL NUMBER | |
| System control number | (Sirsi) u109167 |
| 100 ## - MAIN ENTRY--PERSONAL NAME | |
| Personal name | Barrie, G. |
| 245 ## - TITLE STATEMENT | |
| Title | Property and porn |
| 260 ## - PUBLICATION, DISTRIBUTION, ETC. | |
| Date of publication, distribution, etc. | 2000 |
| 490 ## - SERIES STATEMENT | |
| Series statement | Property Week |
| Volume/sequential designation | 65(43) 3 November 2000, 48-52(5) |
| 520 ## - SUMMARY, ETC. | |
| Summary, etc. | Describes the findings of a Property Week investigation into the property men within the secretive porn barons' empires. The investigation found that these operators control up to £750m of property between them. They often work together on deals and joint ventures, funding their investment activities by the proceeds from sex shops and magazines. Discusses the likely effects on these operators of the recent easing of the 'R' restriction, which lifts Britain's bar on the sale of hardcore pornography. This promises to boost the value of their property kingdoms. Looks at the activities of David and Ralph Gold, owners of Ann Summers and backers of the entrepreneurial Greenwich House Properties. |
| 590 ## - LOCAL NOTE (RLIN) | |
| Local note | ABS |
| 650 ## - SUBJECT ADDED ENTRY--TOPICAL TERM | |
| Topical term or geographic name entry element | PROPERTY WEEK |
| 650 ## - SUBJECT ADDED ENTRY--TOPICAL TERM | |
| Topical term or geographic name entry element | PORN INDUSTRY |
| 650 ## - SUBJECT ADDED ENTRY--TOPICAL TERM | |
| Topical term or geographic name entry element | CENSORSHIP |
| 650 ## - SUBJECT ADDED ENTRY--TOPICAL TERM | |
| Topical term or geographic name entry element | GREENWICH HOUSE PROPERTIES |
| 650 ## - SUBJECT ADDED ENTRY--TOPICAL TERM | |
| Topical term or geographic name entry element | SOHO |
| 690 ## - LOCAL SUBJECT ADDED ENTRY--TOPICAL TERM (OCLC, RLIN) | |
| Topical term or geographic name as entry element | PROPERTY-COMMERCIAL PROPERTY |
| 942 ## - ADDED ENTRY ELEMENTS (KOHA) | |
| Suppress in OPAC | 0 |
| Withdrawn status | Lost status | Source of classification or shelving scheme | Damaged status | Not for loan | Home library | Current library | Shelving location | Date acquired | Total Checkouts | Full call number | Barcode | Date last seen | Copy number | Price effective from | Koha item type |
|---|---|---|---|---|---|---|---|---|---|---|---|---|---|---|---|
| Dewey Decimal Classification | London | London | Journal article | 06/11/2000 | ABS62971 | 109167-1001 | 06/08/2019 | 1 | 06/08/2019 | Journal article |